A trilogia de Eddie Dickens (Registo nº 1921)

Detalhes MARC
000 -Etiqueta do registo
Cabeçalho 00983nam a22003251 4500
005 - Identificador da versão
Campo de controlo 20240813121919.0
010 ## - Número internacional normalizado dos livros (ISBN)
Número (ISBN) 9724614255
021 ## - Número do Depósito Legal
Código do país PT
Número 195736/03
100 ## - Dados gerais de processamento
Dados gerais de processamento 20070528g2003 am y0pory5003 ba
102 ## - Pais de publicação ou produção
País de publicação Portugal
101 1# - Língua de publicação
Língua do texto, banda sonora, etc. Português
Língua do documento no original Inglês
106 ## - Campo de dados codificados: material textual
Dados codificados do material textual r
105 ## - Campo de dados codificados: livros
Dados codificados dos livros a z 001ay
215 ## - Descrição física 
Indicação específica da natureza do documento e extensão da espécie v.
Outras indicações físicas il.
Dimensões 21 cm
200 1# - Titulo e menção de responsabilidade
Título próprio A trilogia de Eddie Dickens
Primeira menção de responsabilidade Philip Ardagh
Outras menções de responsabilidade il. David Roberts
-- trad. Marisa Roberto
-- rev. Ayala Monteiro
205 ## - Menção da edição
Menção da edição 1ª ed.
210 ## - Publicação, Distribuição, etc. 
Lugar da edição, distribuição, etc. Lisboa
Nome do editor, distribuidor, etc. Notícias
Data da publicação, distribuição, etc. 2003-
327 0# - Nota de conteúdo 
Texto da nota 1º v.: O terrível fim. - 2003. - 135 p.
606 ## - Nome comum usado como assunto
Número de registo de entrada de autoridade 0000479
Palavra de ordem Literatura estrangeira juvenil
Subdivisão de assunto Romance de aventuras
675 ## - Classificação Decimal Universal (CDU)
Notação 82-311.3
Edição
Língua da edição por
702 #1 - Nome de autor-pessoa física (responsabilidade secundária)
Número de registo de entrada de autoridade 0000521
Palavra de ordem Roberts
Outra parte do nome não tomada para palavra de ordem David
Código de função Ilustrador / Técnico de desenho computorizado
Número de registo de entrada de autoridade 0000522
Palavra de ordem Roberto
Outra parte do nome não tomada para palavra de ordem Marisa
Código de função Tradutor
Número de registo de entrada de autoridade 0000523
Palavra de ordem Monteiro
Outra parte do nome não tomada para palavra de ordem Ayala
Código de função Autor de recensão / Crítico
700 #1 - Nome de autor-pessoa física (responsabilidade principal)
Número de registo de entrada de autoridade 0000520
Palavra de ordem Ardagh
Outra parte do nome não tomada para palavra de ordem Philip
942 ## - Elementos de entrada adicionados (Koha)
Tipo de item no Koha Livro
Exemplares
Situação do levantamento Origin of item (home branch) (coded) Biblioteca de empréstimo Código de barras Cota Circulation type (not for loan) Tipo de documento Nota do exemplar Damaged status
  Biblioteca Escolar da Coca Maravilhas Biblioteca Escolar da Coca Maravilhas BECM7792/07 8EST ARD   Livro Sem mensagem